[Event "25. Torneo San Viator 2015"]
[Site "Madrid ESP"]
[Date "2015.10.25"]
[Round "5.17"]
[White "Camarero Izquierdo, Juan Carlo"]
[Black "Sanchez Gomez, Emiliano"]
[Result "1-0"]
[WhiteElo "1890"]
[BlackElo "1801"]
[PlyCount "27"]
[EventDate "2015.10.04"]
[EventType "swiss"]
[EventRounds "9"]
[EventCountry "ESP"]
[Source "lmi"]
[SourceDate "2015.10.04"]

1. d4 Nf6 2. Nc3 d5 3. Bg5 Bf5 4. f3 h6 5. Bxf6 exf6 6. e3 c6 7. Bd3 Be6 8. Qd2
Bb4 9. Nge2 Bd6 10. e4 dxe4 11. fxe4 Qc7 12. O-O-O Nd7 13. h3 a6 14. d5 1-0

[Event "25. Torneo San Viator 2015"]
[Site "Madrid ESP"]
[Date "2015.10.25"]
[Round "5.18"]
[White "Fernandez Rios, Jose Francisco"]
[Black "Jimenez Elices, Jose Maria"]
[Result "0-1"]
[WhiteElo "1756"]
[BlackElo "1883"]
[PlyCount "58"]
[EventDate "2015.10.04"]
[EventType "swiss"]
[EventRounds "9"]
[EventCountry "ESP"]
[Source "lmi"]
[SourceDate "2015.10.04"]

1. d4 d5 2. c4 e6 3. Nf3 Nf6 4. Bg5 Be7 5. Nc3 Ne4 6. Bxe7 Qxe7 7. Qb3 Nxc3 8.
Qxc3 Nc6 9. cxd5 exd5 10. e3 O-O 11. Rc1 Bg4 12. Bb5 Nb4 13. Qxc7 Qxc7 14. Rxc7
Rac8 15. Rxc8 Rxc8 16. O-O Nxa2 17. Ne5 Be6 18. Ra1 a6 19. Rxa2 axb5 20. Kf1
Bf5 21. Ra3 f6 22. Nf3 Rc1+ 23. Ke2 Rc2+ 24. Nd2 Rxb2 25. Ra8+ Kf7 26. Rb8 b4
27. Rxb7+ Ke6 28. Kd1 b3 29. Kc1 Rc2+ 0-1

[Event "25. Torneo San Viator 2015"]
[Site "Madrid ESP"]
[Date "2015.10.25"]
[Round "5.19"]
[White "Jimenez Gonzalez, Marcos"]
[Black "Fernandez Garcia, Emilio"]
[Result "1-0"]
[WhiteElo "1849"]
[BlackElo "1686"]
[PlyCount "95"]
[EventDate "2015.10.04"]
[EventType "swiss"]
[EventRounds "9"]
[EventCountry "ESP"]
[Source "lmi"]
[SourceDate "2015.10.04"]

1. Nf3 Nf6 2. g3 g6 3. Bg2 Bg7 4. O-O O-O 5. d3 d5 6. Nbd2 Re8 7. e4 dxe4 8.
dxe4 Nc6 9. h3 e5 10. Re1 Be6 11. Qe2 Qd7 12. Kh2 Rad8 13. Nb3 b6 14. Bd2 Qc8
15. Bc3 Bxb3 16. axb3 Qb7 17. Rad1 Nd7 18. b4 b5 19. Rd5 a6 20. Red1 Qc8 21. h4
Nb6 22. Bh3 Qb8 23. R5d3 Rxd3 24. Rxd3 Rd8 25. h5 Rxd3 26. Qxd3 Qd8 27. Bd2 Qe7
28. c3 gxh5 29. Nh4 Qd6 30. Qe2 Ne7 31. Be3 Nd7 32. Qxh5 Nf6 33. Qf3 Qc6 34.
Nf5 Nxf5 35. Bxf5 Kh8 36. Qd1 Bf8 37. Bc5 Bxc5 38. bxc5 Qxc5 39. Qd8+ Kg7 40.
Kg2 Qd6 41. Qc8 c5 42. Qb7 c4 43. g4 Qd2 44. Be6 Qg5 45. Qxf7+ Kh6 46. Qf8+ Qg7
47. g5+ Kg6 48. Bf5+ 1-0

[Event "25. Torneo San Viator 2015"]
[Site "Madrid ESP"]
[Date "2015.10.25"]
[Round "5.20"]
[White "Del Noval Nemeshazi, Nesztor"]
[Black "Quijano Cabrera, Adelardo"]
[Result "1-0"]
[WhiteElo "1810"]
[BlackElo "1651"]
[PlyCount "95"]
[EventDate "2015.10.04"]
[EventType "swiss"]
[EventRounds "9"]
[EventCountry "ESP"]
[Source "lmi"]
[SourceDate "2015.10.04"]

1. e4 c5 2. Nf3 d6 3. d4 cxd4 4. Nxd4 Nf6 5. Nc3 g6 6. Be3 Bg7 7. f3 O-O 8. Qd2
Nc6 9. O-O-O d5 10. Nxc6 bxc6 11. exd5 Nxd5 12. Nxd5 cxd5 13. Qxd5 Qc7 14. Qc5
Qb7 15. Bd4 Bf5 16. c4 Rac8 17. Qa3 Rfd8 18. Bxg7 Rxd1+ 19. Kxd1 Qd7+ 20. Kc1
Rd8 21. Bd3 Bxd3 22. Bh6 Bxc4 23. Qc3 Qd4 24. Qxd4 Rxd4 25. b3 Be6 26. Rd1
Rxd1+ 27. Kxd1 f6 28. Kc2 Kf7 29. a4 Ke8 30. b4 a6 31. b5 axb5 32. axb5 Bd5 33.
Kc3 Kd7 34. Kb4 e6 35. Bf4 Kc8 36. Kc5 Kb7 37. Be3 Kc7 38. b6+ Kb7 39. Kd6 h5
40. Ke7 g5 41. Kxf6 g4 42. fxg4 hxg4 43. h3 gxh3 44. gxh3 Bc4 45. h4 Kc8 46. h5
Kd7 47. h6 Bd3 48. Kg7 1-0

[Event "25. Torneo San Viator 2015"]
[Site "Madrid ESP"]
[Date "2015.10.25"]
[Round "5.21"]
[White "Linares Leyva, David"]
[Black "Guillo Longares, Cecilia"]
[Result "1/2-1/2"]
[WhiteElo "1773"]
[BlackElo "1809"]
[PlyCount "113"]
[EventDate "2015.10.04"]
[EventType "swiss"]
[EventRounds "9"]
[EventCountry "ESP"]
[Source "lmi"]
[SourceDate "2015.10.04"]

1. Nf3 Nf6 2. c4 c5 3. g3 g6 4. Bg2 Bg7 5. O-O d6 6. d4 Nbd7 7. Nc3 O-O 8. e4
cxd4 9. Nxd4 Ne5 10. b3 Bd7 11. h3 Nc6 12. Be3 Qc7 13. Kh2 Qd8 14. Rc1 Rc8 15.
Qd2 Re8 16. Rfd1 Nxd4 17. Bxd4 Qc7 18. Qe3 b6 19. e5 Nh5 20. Nd5 Qb8 21. exd6
exd6 22. Qc3 Be6 23. Bxg7 Bxd5 24. Bxd5 Nxg7 25. Qf6 Qc7 26. Re1 Re5 27. f4
Ree8 28. Kg2 Nf5 29. Kf3 Ng7 30. g4 Rxe1 31. Rxe1 Re8 32. Re4 Rxe4 33. Kxe4 Qd7
34. Kf3 Ne8 35. Qg5 Nc7 36. f5 Nxd5 37. cxd5 Qe8 38. f6 Qf8 39. Qe3 Qa8 40. Qd2
Qd8 41. Qf4 Qc7 42. Qe3 Qc8 43. Kg3 h6 44. Kh4 Qd8 45. Qe7 Qb8 46. Kg3 a6 47.
Kf4 b5 48. Ke4 a5 49. Qd7 Kf8 50. Kd3 Kg8 51. Kc2 Kf8 52. Kb2 Kg8 53. Ka3 Kf8
54. h4 Kg8 55. Kb2 Kf8 56. h5 g5 57. Kb1 1/2-1/2

[Event "25. Torneo San Viator 2015"]
[Site "Madrid ESP"]
[Date "2015.10.25"]
[Round "5.23"]
[White "Perez Sempere, Alberto"]
[Black "Alonso Lazaro, Adrian"]
[Result "1-0"]
[WhiteElo "1774"]
[BlackElo "1624"]
[PlyCount "95"]
[EventDate "2015.10.04"]
[EventType "swiss"]
[EventRounds "9"]
[EventCountry "ESP"]
[Source "lmi"]
[SourceDate "2015.10.04"]

1. e4 d6 2. d4 Nf6 3. Nc3 Nbd7 4. Nf3 e5 5. Be3 Be7 6. Be2 O-O 7. h3 exd4 8.
Nxd4 Nc5 9. Bf3 Re8 10. b4 Ne6 11. O-O a5 12. Nxe6 Bxe6 13. a3 c6 14. Qd2 Bc4
15. Rfe1 axb4 16. axb4 Rxa1 17. Rxa1 Qc8 18. Qd4 b5 19. Ra7 d5 20. exd5 Bxb4
21. dxc6 Rd8 22. Qxd8+ Qxd8 23. c7 Qc8 24. Ra8 Be6 25. Rxc8+ Bxc8 26. Nxb5 Ba5
27. Nd6 Ne8 28. Nxc8 Nxc7 29. c4 Kf8 30. Bc6 Ne6 31. f4 Bb4 32. Kf2 Nc5 33.
Bxc5+ Bxc5+ 34. Kf3 f5 35. g4 fxg4+ 36. hxg4 Kf7 37. Bd7 Kf6 38. Ke4 h6 39. Kd5
Be3 40. f5 g6 41. fxg6 Kxg6 42. Nd6 Bf2 43. Ne4 Be3 44. Bf5+ Kf7 45. c5 Ke7 46.
c6 Kd8 47. Nc5 Ke7 48. c7 1-0

[Event "25. Torneo San Viator 2015"]
[Site "Madrid ESP"]
[Date "2015.10.25"]
[Round "5.24"]
[White "Barranco Martinez, Gabriel"]
[Black "Cano Mercado, Francisco Manuel"]
[Result "0-1"]
[WhiteElo "1752"]
[BlackElo "1885"]
[PlyCount "134"]
[EventDate "2015.10.04"]
[EventType "swiss"]
[EventRounds "9"]
[EventCountry "ESP"]
[Source "lmi"]
[SourceDate "2015.10.04"]

1. d4 d5 2. c4 e5 3. dxe5 d4 4. a3 Nc6 5. Nf3 Bf5 6. Bg5 Qd7 7. Nbd2 h6 8. e4
Bg4 9. Bh4 g5 10. Bg3 Bg7 11. Bd3 Nge7 12. Nb3 Ng6 13. Nc5 Qe7 14. Nxb7 O-O 15.
b4 Ncxe5 16. O-O Nxf3+ 17. gxf3 Bh3 18. Re1 h5 19. f4 gxf4 20. Qxh5 Bc8 21. Na5
fxg3 22. hxg3 Qe5 23. Qf3 Qg5 24. Qg2 Bd7 25. f4 Qg4 26. Rf1 Qh3 27. Qf2 Bg4
28. Nc6 Rfe8 29. e5 Nh4 30. Be4 Nf5 31. Bxf5 Bxf5 32. Nxd4 Be4 33. Qh2 Qd7 34.
Rfd1 Rad8 35. Qe2 Bb7 36. b5 Bf8 37. Kh2 Bc8 38. Qh5 Qg4 39. Qxg4+ Bxg4 40. Rd2
Bc5 41. Nb3 Rxd2+ 42. Nxd2 Rd8 43. Ne4 Be7 44. Ra2 Rd4 45. Nf2 Be6 46. Rc2 Bxc4
47. a4 Bb4 48. Ng4 Rd2+ 49. Rxd2 Bxd2 50. Nf6+ Kf8 51. Ne4 Be3 52. Nc3 Bd4 53.
Ne4 Ke7 54. Kh3 Bb3 55. Nf6 Bxa4 56. Nd5+ Kd7 57. Nf6+ Ke6 58. Ne4 Bb6 59. Ng5+
Kd5 60. Kg4 Bxb5 61. Kf5 a5 62. Kf6 a4 63. Kxf7 a3 64. e6 a2 65. e7 a1=Q 66. f5
Qe5 67. f6 Bd4 0-1

[Event "25. Torneo San Viator 2015"]
[Site "Madrid ESP"]
[Date "2015.10.25"]
[Round "5.25"]
[White "Ingunza Curro, Andres"]
[Black "Gil Calvente, Jose Antonio"]
[Result "1/2-1/2"]
[WhiteElo "1459"]
[BlackElo "1723"]
[PlyCount "53"]
[EventDate "2015.10.04"]
[EventType "swiss"]
[EventRounds "9"]
[EventCountry "ESP"]
[Source "lmi"]
[SourceDate "2015.10.04"]

1. e4 d5 2. exd5 Nf6 3. Bb5+ Bd7 4. Bxd7+ Qxd7 5. Nc3 Nxd5 6. d4 Nc6 7. Nf3 e6
8. O-O Bd6 9. Ne4 O-O-O 10. c4 Nde7 11. Bg5 f5 12. Nc3 a6 13. Bc1 Ng6 14. d5
Nce5 15. Nd4 exd5 16. Nxd5 c6 17. Ne3 Ne7 18. Qa4 Kb8 19. b3 Nd3 20. Nf3 Qc7
21. b4 Nxb4 22. Rb1 Nd3 23. Qc2 g5 24. g3 Bc5 25. Nd1 f4 26. Kg2 Nf5 27. Nb2
1/2-1/2

[Event "25. Torneo San Viator 2015"]
[Site "Madrid ESP"]
[Date "2015.10.25"]
[Round "5.26"]
[White "Miguens Mata, Jose L"]
[Black "Rodriguez Romero, Martin"]
[Result "0-1"]
[WhiteElo "1526"]
[BlackElo "1651"]
[PlyCount "62"]
[EventDate "2015.10.04"]
[EventType "swiss"]
[EventRounds "9"]
[EventCountry "ESP"]
[Source "lmi"]
[SourceDate "2015.10.04"]

1. e4 c5 2. Nf3 e6 3. Nc3 Be7 4. Bc4 d6 5. O-O Nf6 6. d3 Nc6 7. Bf4 O-O 8. e5
dxe5 9. Nxe5 Nd4 10. Nf3 a6 11. Nxd4 cxd4 12. Ne4 b5 13. Nxf6+ Bxf6 14. Qf3 Bd7
15. Bb3 Rc8 16. Qe2 Bc6 17. a4 bxa4 18. Bxa4 Qd5 19. Bxc6 Qxc6 20. Rfc1 Qb5 21.
b3 Rc6 22. Ra2 Rfc8 23. Rca1 Bg5 24. Bxg5 Qxg5 25. Rxa6 Rxa6 26. Rxa6 Qc1+ 27.
Qf1 Qxc2 28. h3 Qxb3 29. Qe2 Rc1+ 30. Kh2 Qb8+ 31. g3 Qb7 0-1

[Event "25. Torneo San Viator 2015"]
[Site "Madrid ESP"]
[Date "2015.10.25"]
[Round "5.27"]
[White "Alonso Penalver, Angel"]
[Black "Lopez Ziegler, Juan Jose"]
[Result "1-0"]
[WhiteElo "1676"]
[BlackElo "1543"]
[PlyCount "49"]
[EventDate "2015.10.04"]
[EventType "swiss"]
[EventRounds "9"]
[EventCountry "ESP"]
[Source "lmi"]
[SourceDate "2015.10.04"]

1. c4 c5 2. g3 Nc6 3. Bg2 e5 4. Nc3 g6 5. e3 Bg7 6. Nge2 Nge7 7. O-O d6 8. b3
Be6 9. d3 Rb8 10. Bb2 O-O 11. Rc1 f5 12. f4 d5 13. cxd5 Nxd5 14. Nxd5 Bxd5 15.
e4 Be6 16. a3 Qb6 17. Kh1 Bxb3 18. Qd2 Rbc8 19. Rb1 Nd4 20. Bxd4 cxd4 21. Nc1
Rc3 22. exf5 gxf5 23. Nxb3 e4 24. Na1 e3 25. Qa2+ 1-0

[Event "25. Torneo San Viator 2015"]
[Site "Madrid ESP"]
[Date "2015.11.01"]
[Round "6.1"]
[White "Renteria, Jorge"]
[Black "Andalon Gomez, Carlos J"]
[Result "1-0"]
[WhiteElo "2244"]
[BlackElo "1963"]
[PlyCount "65"]
[EventDate "2015.10.04"]
[EventType "swiss"]
[EventRounds "9"]
[EventCountry "ESP"]
[Source "lmi"]
[SourceDate "2015.10.04"]

1. e4 e6 2. d4 d5 3. Nd2 Nf6 4. e5 Nfd7 5. f4 c5 6. c3 Nc6 7. Ndf3 Qb6 8. g3
cxd4 9. cxd4 Bb4+ 10. Kf2 g5 11. fxg5 Ndxe5 12. Nxe5 Nxe5 13. Kg2 Nc6 14. Nf3
Bd7 15. Bf4 Be7 16. Rb1 O-O 17. b4 f6 18. b5 Na5 19. gxf6 Bxf6 20. Ne5 Rad8 21.
Bd3 Be8 22. Qg4+ Kh8 23. Qh3 h5 24. Bg6 h4 25. Qg4 Bxg6 26. Nxg6+ Kh7 27. Nxf8+
Rxf8 28. Qh5+ Kg8 29. Qg6+ Kh8 30. Bh6 Nc4 31. Bxf8 Ne3+ 32. Kh3 Qxd4 33. Bc5
1-0

[Event "25. Torneo San Viator 2015"]
[Site "Madrid ESP"]
[Date "2015.11.01"]
[Round "6.2"]
[White "Bustos Bernardo, Samuel"]
[Black "Cervino Rossel, Cristobal"]
[Result "0-1"]
[WhiteElo "1964"]
[BlackElo "2114"]
[PlyCount "68"]
[EventDate "2015.10.04"]
[EventType "swiss"]
[EventRounds "9"]
[EventCountry "ESP"]
[Source "lmi"]
[SourceDate "2015.10.04"]

1. Nf3 Nf6 2. c4 b6 3. e3 Bb7 4. Be2 g6 5. Nc3 Bg7 6. O-O O-O 7. d4 d6 8. Qc2
Nbd7 9. e4 e5 10. d5 h6 11. Rb1 a5 12. Nd2 Nc5 13. b3 Nh7 14. a3 f5 15. b4 axb4
16. axb4 Nd7 17. Nb3 Ba6 18. Re1 Qh4 19. Bd2 f4 20. f3 g5 21. Nd1 Ndf6 22. Nf2
h5 23. Qd1 Bc8 24. h3 g4 25. fxg4 Ng5 26. gxh5 Bxh3 27. Bf3 {Diagrama #} Nxh5 {
Diagrama #} 28. Bxh5 Qg3 29. Nxh3 Nxh3+ 30. Kh1 Nf2+ 31. Kg1 Nxd1 32. Rexd1 f3
33. Bxf3 Rxf3 34. Be1 Qg4 0-1

[Event "25. Torneo San Viator 2015"]
[Site "Madrid ESP"]
[Date "2015.11.01"]
[Round "6.3"]
[White "Unciti Juan, Javier"]
[Black "Cabanas Bravo, Juan Andres"]
[Result "1-0"]
[WhiteElo "2050"]
[BlackElo "2042"]
[PlyCount "93"]
[EventDate "2015.10.04"]
[EventType "swiss"]
[EventRounds "9"]
[EventCountry "ESP"]
[Source "lmi"]
[SourceDate "2015.10.04"]

1. d4 Nf6 2. Nf3 g6 3. Bf4 Bg7 4. Nc3 d5 5. e3 O-O 6. Be2 Nbd7 7. Ne5 c6 8. h4
Qa5 9. f3 Nh5 10. Bh2 Bxe5 11. dxe5 Qb4 12. Qd4 Qxb2 13. Nxd5 Qa3 14. Nf4 c5
15. Qd2 Nxf4 16. Bxf4 Nb6 17. O-O Be6 18. Bd3 Rfd8 19. Qf2 Nd7 20. h5 Nf8 21.
Bg5 Rd7 22. f4 Qc3 (22... Bf5) 23. hxg6 hxg6 24. Rae1 Bc4 25. Qh4 Bxd3 26. cxd3
Rxd3 27. Rf3 Rad8 28. Kh2 Rd1 {Diagrama #} 29. Rh3 (29. Bf6) 29... f6 30. Rxd1
Rxd1 31. exf6 Qa1 32. Qh8+ Kf7 33. Qg7+ Ke6 34. Qxe7+ Kd5 35. e4+ Kc6 36. Qe8+
Nd7 37. Qc8+ Kd6 38. e5+ Nxe5 39. Qb8+ Kc6 40. Qxe5 Qb1 41. Re3 Rh1+ 42. Kg3
Qg1 43. Qe6+ Kc7 44. Qe7+ Kb6 45. Rb3+ Ka5 46. Qc7+ Ka4 47. Qd7+ 1-0

[Event "25. Torneo San Viator 2015"]
[Site "Madrid ESP"]
[Date "2015.11.01"]
[Round "6.4"]
[White "Vallejo Nuno, Jorge"]
[Black "Padin Lazaro, Jose Manuel"]
[Result "1-0"]
[WhiteElo "2087"]
[BlackElo "1906"]
[PlyCount "33"]
[EventDate "2015.10.04"]
[EventType "swiss"]
[EventRounds "9"]
[EventCountry "ESP"]
[Source "lmi"]
[SourceDate "2015.10.04"]

1. e4 e6 2. b3 d5 3. Bb2 dxe4 4. Nc3 Nf6 5. Qe2 Bb4 6. O-O-O Be7 7. g4 a5 8. g5
Nd5 9. Nxd5 exd5 10. Bxg7 Rg8 11. Bf6 Qd6 12. Bh3 Qb4 13. Bxc8 a4 14. d3 axb3
15. cxb3 Rxg5 16. Bxg5 Qd4 17. Kb1 1-0

[Event "25. Torneo San Viator 2015"]
[Site "Madrid ESP"]
[Date "2015.11.01"]
[Round "6.5"]
[White "Lobato Rivero, Carlos"]
[Black "Cardena Contreras, Javier"]
[Result "1-0"]
[WhiteElo "1992"]
[BlackElo "1892"]
[PlyCount "127"]
[EventDate "2015.10.04"]
[EventType "swiss"]
[EventRounds "9"]
[EventCountry "ESP"]
[Source "lmi"]
[SourceDate "2015.10.04"]

1. e4 c5 2. Nf3 Nc6 3. d4 cxd4 4. Nxd4 Nf6 5. Nc3 e5 6. Nb3 Bb4 7. Bg5 h6 8.
Bxf6 Qxf6 9. Qd2 d6 10. a3 Bxc3 11. Qxc3 O-O 12. O-O-O Rd8 13. Bc4 Be6 14. Bxe6
Qxe6 15. Kb1 Rac8 16. Qd2 Ne7 17. Qe3 b6 18. Rd3 d5 19. exd5 Nxd5 20. Qd2 Rd7
21. Re1 Rcd8 22. Nd4 Qf6 23. Nf3 Qf4 24. Qxf4 exf4 25. Red1 {(=)} f6 26. Kc1 b5
27. Nd4 Nc7 28. Nc6 Rxd3 29. Rxd3 (29. cxd3) 29... Rxd3 30. cxd3 a6 31. Kd2 Kf7
32. Kc3 Ke6 33. Kb4 Kd5 34. Ne7+ Kd4 35. Nf5+ Kxd3 36. Nxg7 Ke2 37. Nh5 Kxf2
38. Nxf4 Ke3 39. Nh5 f5 40. Ka5 {Diagrama #} Nd5 41. Kxa6 b4 42. axb4 Nxb4+ 43.
Kb5 Nd3 44. b4 Kf2 45. g3 Kf3 46. Kc4 {Diagrama #} Ne5+ (46... Nxb4) 47. Kd5
Nd7 48. b5 Kg4 49. Nf4 h5 50. Kd6 Nb6 51. Nd5 Na4 52. Ke5 h4 53. Ne3+ Kf3 54.
Nxf5 h3 55. Nh4+ Kf2 56. g4 Kg1 57. Nf3+ Kg2 58. Ng5 Kxh2 59. Nxh3 Kxh3 60. g5
Nb6 61. g6 Nd7+ 62. Kd6 Nf6 63. b6 Ne8+ 64. Ke7 1-0

[Event "25. Torneo San Viator 2015"]
[Site "Madrid ESP"]
[Date "2015.11.01"]
[Round "6.6"]
[White "Vazquez Gonzalez, Francisco"]
[Black "Yeves Miquel, Enrique"]
[Result "1-0"]
[WhiteElo "1929"]
[BlackElo "1758"]
[PlyCount "39"]
[EventDate "2015.10.04"]
[EventType "swiss"]
[EventRounds "9"]
[EventCountry "ESP"]
[Source "lmi"]
[SourceDate "2015.10.04"]

1. e4 c5 2. Nf3 e6 3. Qe2 Nc6 4. c3 a6 5. g3 d5 6. d3 dxe4 7. dxe4 e5 8. Bg2
Nf6 9. O-O Be7 10. Rd1 Qc7 11. Nbd2 O-O 12. Nf1 Rd8 13. Bg5 Nd7 14. Ne3 Bxg5
15. Nd5 Qa5 16. Nxg5 h6 17. Nf3 Nf8 18. Nd2 Be6 19. Nc4 Qb5 20. a4 1-0

[Event "25. Torneo San Viator 2015"]
[Site "Madrid ESP"]
[Date "2015.11.01"]
[Round "6.7"]
[White "Lopez De Turiso, Jose Angel"]
[Black "Camarero Izquierdo, Juan Carlo"]
[Result "0-1"]
[WhiteElo "2014"]
[BlackElo "1890"]
[PlyCount "71"]
[EventDate "2015.10.04"]
[EventType "swiss"]
[EventRounds "9"]
[EventCountry "ESP"]
[Source "lmi"]
[SourceDate "2015.10.04"]

1. e4 c5 2. c3 Nf6 3. e5 Nd5 4. Nf3 e6 5. d4 cxd4 6. cxd4 d6 7. Bc4 Nb6 8. Bb5+
Bd7 9. Qe2 a6 10. Bd3 Nc6 11. Nc3 dxe5 12. dxe5 Nb4 13. Be4 Bc6 14. Bxc6+ Nxc6
15. O-O Be7 16. Rd1 Qc7 17. Bf4 O-O 18. Ne4 Rad8 19. Qc2 Rxd1+ 20. Rxd1 Nd5 21.
Bg5 Ndb4 22. Qb1 h6 {Diagrama #} 23. Nf6+ gxf6 24. exf6 {Diagrama #} Bd8 (24...
Re8) 25. Qe4 Qa5 26. Bxh6 Qh5 27. Bxf8 Kxf8 28. Qxb4+ Kg8 29. Qxb7 Qc5 30. Qd7
Bxf6 31. h4 Ne7 32. Qe8+ Kg7 33. Ng5 Bxg5 34. hxg5 Qc2 35. Rf1 Nd5 36. Qa4 0-1

[Event "25. Torneo San Viator 2015"]
[Site "Madrid ESP"]
[Date "2015.11.01"]
[Round "6.8"]
[White "Garcia Martin, Esteban"]
[Black "Aguilera Lopez, Alejandro"]
[Result "0-1"]
[WhiteElo "1903"]
[BlackElo "1987"]
[PlyCount "88"]
[EventDate "2015.10.04"]
[EventType "swiss"]
[EventRounds "9"]
[EventCountry "ESP"]
[Source "lmi"]
[SourceDate "2015.10.04"]

1. c4 c6 2. Nf3 Nf6 3. g3 d5 4. Bg2 Bg4 5. b3 e6 6. Bb2 Be7 7. O-O O-O 8. d3
Nbd7 9. Nbd2 a5 10. a3 Qb6 11. Qc2 c5 12. e4 d4 13. e5 Ne8 14. b4 cxb4 15. Bxd4
Qc7 16. axb4 Bxb4 17. Rfb1 Bxd2 18. Qxd2 Bxf3 19. Bxf3 Nxe5 20. Bxb7 Rb8 21.
Bg2 Nf6 22. Qf4 Nfd7 23. Re1 f6 24. Bc3 Qb6 25. Bxa5 Nxd3 26. Qe3 Qxe3 27. Rxe3
N3c5 28. Bh3 f5 29. Bc7 Rb2 30. Bd6 Rc8 31. Bg2 Rc2 32. Bxc5 Nxc5 33. Bf1 Rc7
34. f3 Kf7 35. Raa3 Rc1 36. Rec3 Rb1 37. Kf2 Rb2+ 38. Be2 Rd7 39. Re3 Rdd2 40.
h4 Kf6 41. Ra5 Nd3+ 42. Kf1 Rb1+ 43. Kg2 Re1 44. Rxd3 Rdxe2+ 0-1

[Event "25. Torneo San Viator 2015"]
[Site "Madrid ESP"]
[Date "2015.11.01"]
[Round "6.9"]
[White "Garcia Galeote, Lorenzo"]
[Black "Soto Martin, Pablo"]
[Result "1-0"]
[WhiteElo "1906"]
[BlackElo "1956"]
[PlyCount "99"]
[EventDate "2015.10.04"]
[EventType "swiss"]
[EventRounds "9"]
[EventCountry "ESP"]
[Source "lmi"]
[SourceDate "2015.10.04"]

1. d4 Nf6 2. c4 g6 3. Nc3 Bg7 4. e4 d6 5. Nge2 O-O 6. Ng3 e5 7. d5 a5 8. Be2
Na6 9. h4 h5 10. Bg5 Qe8 11. Qd2 Nc5 12. O-O-O Ng4 13. Qe1 Bd7 14. f3 Nf6 15.
Qd2 Nh7 16. Bh6 a4 17. Bxg7 Kxg7 18. Kb1 b6 19. Rdg1 Nf6 20. Nf1 Qe7 21. Ne3
Rh8 22. Nb5 Rac8 23. Bd1 Rhd8 24. Na7 Ra8 25. Nc6 Bxc6 26. dxc6 Qe8 27. Nf5+
Kg8 28. g4 hxg4 29. h5 Qf8 30. hxg6 fxg6 31. Qg5 Kf7 32. Rh6 Qg8 33. Rgh1 Ne6
34. Rh7+ Qxh7 35. Rxh7+ Nxh7 36. Qe7+ Kg8 37. Qxe6+ Kh8 38. Nh6 Rf8 39. Qxg6
gxf3 40. Nf7+ Rxf7 41. Qxf7 Rf8 42. Qxc7 f2 43. Be2 f1=Q+ 44. Bxf1 Rxf1+ 45.
Kc2 Rf2+ 46. Kc3 Nf6 47. Qd8+ Kg7 48. c7 Nxe4+ 49. Kd3 Nc5+ 50. Ke3 1-0

[Event "25. Torneo San Viator 2015"]
[Site "Madrid ESP"]
[Date "2015.11.01"]
[Round "6.10"]
[White "Sotoca Aguado, Jose"]
[Black "Barahona Torrijos, Angel"]
[Result "1-0"]
[WhiteElo "1946"]
[BlackElo "1812"]
[PlyCount "67"]
[EventDate "2015.10.04"]
[EventType "swiss"]
[EventRounds "9"]
[EventCountry "ESP"]
[Source "lmi"]
[SourceDate "2015.10.04"]

1. e4 e5 2. Nf3 Nc6 3. Bb5 Nd4 4. Nxd4 exd4 5. O-O c6 6. Bc4 Nf6 7. e5 d5 8.
Be2 Nd7 9. f4 g6 10. d3 Bg7 11. Nd2 O-O 12. Nf3 f6 13. Nxd4 Nc5 14. Nf3 Bg4 15.
d4 Ne4 16. h3 Bxf3 17. Bxf3 fxe5 18. dxe5 Qb6+ 19. Kh2 g5 20. Bxe4 dxe4 21. g3
Rad8 22. Qe2 gxf4 23. gxf4 Qd4 24. Be3 Qxb2 25. Rab1 Qxa2 26. Rxb7 Rf7 27. Rfb1
a5 28. R1b2 Qd5 29. Rb8 Rff8 30. R8b7 Qd1 31. Qf2 Rf7 32. e6 Kh8 33. exf7 Bxb2
34. Rxb2 1-0

[Event "25. Torneo San Viator 2015"]
[Site "Madrid ESP"]
[Date "2015.11.01"]
[Round "6.11"]
[White "Jimenez Elices, Jose Maria"]
[Black "Luna Hermoso, Angel"]
[Result "1/2-1/2"]
[WhiteElo "1883"]
[BlackElo "1919"]
[PlyCount "59"]
[EventDate "2015.10.04"]
[EventType "swiss"]
[EventRounds "9"]
[EventCountry "ESP"]
[Source "lmi"]
[SourceDate "2015.10.04"]

1. e4 Nf6 2. Nc3 d6 3. d4 g6 4. Be3 Bg7 5. h3 O-O 6. Qd2 e5 7. Nf3 Nbd7 8.
O-O-O Re8 9. Bd3 exd4 10. Nxd4 Nc5 11. f3 a5 12. Bb5 Bd7 13. Bxd7 Nfxd7 14. g4
Ne5 15. Qe2 Ra6 16. Nf5 gxf5 17. Bxc5 Rc6 18. Bd4 fxe4 19. f4 {Diagrama #} Nd3+
20. Rxd3 exd3 21. Qxd3 {Diagrama #} d5 22. Bxg7 Kxg7 23. Nxd5 Rd6 24. Qc3+ f6
25. Ne3 Kf8 26. Nf5 Rc6 27. Qa3+ Kf7 28. Qb3+ Kf8 29. Qa3+ Kg8 30. Nh6+ 1/2-1/2

[Event "25. Torneo San Viator 2015"]
[Site "Madrid ESP"]
[Date "2015.11.01"]
[Round "6.12"]
[White "Escribano Serrano, Pedro"]
[Black "Vazquez Gonzalez, Jesus"]
[Result "0-1"]
[WhiteElo "1802"]
[BlackElo "1978"]
[PlyCount "58"]
[EventDate "2015.10.04"]
[EventType "swiss"]
[EventRounds "9"]
[EventCountry "ESP"]
[Source "lmi"]
[SourceDate "2015.10.04"]

1. d4 d6 2. Nf3 g6 3. e4 Bg7 4. Bd3 e5 5. c3 Nd7 6. Bg5 f6 7. Be3 Ne7 8. Qd2
O-O 9. Bh6 f5 10. Bxg7 Kxg7 11. Qe2 fxe4 12. Bxe4 d5 13. Bc2 e4 14. Nfd2 Nf5
15. Na3 c6 16. Nf1 Qg5 17. Ne3 Nxe3 18. fxe3 Nf6 19. h3 Nh5 20. Rg1 Bxh3 21.
Kd2 Bg4 22. Qe1 Rf6 23. Rf1 Raf8 24. Rxf6 Qxf6 25. c4 Qf2+ 26. Kc3 Ng3 27. b4
Ne2+ 28. Kb3 Qxe3+ 29. Ka4 Qxd4 0-1

[Event "25. Torneo San Viator 2015"]
[Site "Madrid ESP"]
[Date "2015.11.01"]
[Round "6.13"]
[White "Gil Sierra, Jacinto"]
[Black "Rodriguez Bittar, Karim Javier"]
[Result "0-1"]
[WhiteElo "1965"]
[BlackElo "1835"]
[PlyCount "34"]
[EventDate "2015.10.04"]
[EventType "swiss"]
[EventRounds "9"]
[EventCountry "ESP"]
[Source "lmi"]
[SourceDate "2015.10.04"]

1. e4 e5 2. Nf3 Nc6 3. Bb5 a6 4. Bxc6 dxc6 5. O-O f6 6. d4 exd4 7. Qxd4 Qxd4 8.
Nxd4 Bd7 9. Bf4 O-O-O 10. Nc3 Ne7 11. Nb3 Ng6 12. Be3 Ne5 13. Rfd1 Bb4 14. Na4
b6 15. a3 Be7 16. Nd4 c5 17. Ne2 Bxa4 0-1

[Event "25. Torneo San Viator 2015"]
[Site "Madrid ESP"]
[Date "2015.11.01"]
[Round "6.14"]
[White "Lozano Osorio, Isaac"]
[Black "Jimenez Gonzalez, Marcos"]
[Result "1-0"]
[WhiteElo "1947"]
[BlackElo "1849"]
[PlyCount "45"]
[EventDate "2015.10.04"]
[EventType "swiss"]
[EventRounds "9"]
[EventCountry "ESP"]
[Source "lmi"]
[SourceDate "2015.10.04"]

1. d4 g6 2. g3 Bg7 3. Bg2 d6 4. Nf3 e5 5. dxe5 dxe5 6. Qxd8+ Kxd8 7. O-O c6 8.
Nc3 f6 9. Ne4 Kc7 10. Rd1 Be6 11. Nc5 Bc8 12. b3 Nh6 13. Ne4 Nf7 14. Ba3 b6 15.
Rd2 Be6 16. Rad1 Nd7 17. Nd6 Nxd6 18. Rxd6 Rhd8 19. Rxc6+ Kxc6 20. Nxe5+ Kc7
21. Bd6+ Kc8 22. Nxd7 Bxd7 23. Bxa8 1-0